000 01160cam a2200337Ma 4500
001 ocn316255673
003 TZ-ArACH
005 20110923103225.0
008 090113s2008 fr b 000 0 fre d
020 _a9782729839079
035 _a(OCoLC)316255673
040 _aLGG
_cTZ-ArACH
_dCDX
041 _aFre
043 _ae-fr---
049 _aTZAA
050 4 _aKJV7977.2
_b.B49
082 0 4 _a345.440/03
100 1 _aBeziz-Ayache, Annie.
_92124
245 1 0 _aDictionnaire de droit pénal général et procédure pénale /
_cAnnie Beziz-Ayache.
250 _a4e éd. enrichie et mise à jour.
260 _aParis :
_bEllipses,
_c2008.
300 _a313 p.
490 1 _aDictionnaires de droit
504 _aIncludes bibliographical references (p. 303-304).
650 0 _aCriminal law
_zFrance
_vDictionaries.
_92125
650 0 _aDroit pénal
_zFrance
_vDictionnaires français
_92127
650 0 _aProcédure pénal
_zFrance
_vDictinnaires
_92128
830 0 _aDictionnaires de droit.
_92126
942 _2lcc
_cBOOK
999 _c1340
_d1340